[Event "US op 122nd"]
[Site "Rancho Mirage"]
[Date "2022.08.05"]
[Round "7"]
[White "Shabalov, Alexander"]
[Black "Dean, Jim H"]
[Result "1-0"]
[WhiteElo "2510"]
[BlackElo "2136"]
[PlyCount "113"]
[EventDate "2022.07.30"]
[EventType "swiss"]
[EventRounds "9"]
[EventCountry "USA"]
[SourceTitle "CBM 209 Extra"]
[Source "ChessBase"]
[SourceDate "2022.09.30"]
[SourceVersion "1"]
[SourceVersionDate "2022.09.30"]
[SourceQuality "1"]

1. f4 d5 2. Nf3 g6 3. g3 Bg7 4. Bg2 Nh6 5. d3 d4 6. c3 c5 7. e4 dxe3 8. Bxe3 Nd7 9. 0-0 Ng4 10. Bd2 0-0 11. Na3 Rb8 12. Qe2 b5 13. Nh4 Ngf6 14. f5 Bb7 15. Rae1 Bxg2 16. Qxg2 Rb6 17. g4 e6 18. g5 exf5 19. gxf6 Nxf6 20. Qh3 Ng4 21. Ng2 a6 22. Bf4 Qd5 23. Qf3 Qxa2 24. h3 Nf6 25. Bc7 Re6 26. Rxe6 Qxe6 27. Re1 Qd7 28. Be5 Rd8 29. Nf4 Nd5 30. Nxd5 Qxd5 31. Qxd5 Rxd5 32. Bxg7 Kxg7 33. Rd1 f4 34. Nc2 Rg5+ 35. Kh2 f3 36. Rd2 Re5 37. Rf2 f5 38. Kg3 g5 39. Kxf3 h5 40. h4 g4+ 41. Kg3 Kf6 42. d4 cxd4 43. Nxd4 b4 44. cxb4 Rd5 45. Rd2 Ke5 46. Nc6+ Kd6 47. Rxd5+ Kxd5 48. Ne7+ Kc4 49. Nxf5 Kxb4 50. Ng7 Kb3 51. Nxh5 Kxb2 52. Nf4 a5 53. h5 a4 54. h6 a3 55. h7 a2 56. h8Q+ Kb1 57. Qh1+ 1-0

[Event "US Open-119"]
[Site "Middleton"]
[Date "2018.08.03"]
[Round "7"]
[White "Corrales Jimenez, Fidel"]
[Black "Dean, Jim H"]
[Result "1-0"]
[WhiteElo "2540"]
[BlackElo "2208"]
[PlyCount "122"]
[EventDate "2018.07.28"]
[EventType "swiss"]
[EventRounds "9"]
[EventCountry "USA"]
[SourceTitle "CBM 185 Extra"]
[Source "ChessBase"]
[SourceDate "2018.07.29"]
[SourceVersion "1"]
[SourceVersionDate "2018.07.29"]
[SourceQuality "1"]

1. e4 c6 2. d4 d5 3. e5 c5 4. dxc5 e6 5. a3 Nc6 6. Nf3 Bxc5 7. b4 Bb6 8. Bd3 Nge7 9. 0-0 Ng6 10. Re1 0-0 11. Bb2 f6 12. exf6 gxf6 13. Bxg6 hxg6 14. Qd3 Kg7 15. c4 dxc4 16. Qxc4 e5 17. Nc3 Nd4 18. Nxd4 Qxd4 19. Qe2 Bg4 20. Qf1 Qd2 21. Na4 Qc2 22. Nxb6 axb6 23. Bc1 Qc3 24. Be3 Rxa3 25. Rxa3 Qxa3 26. Qc4 Bf5 27. h3 Qd3 28. Qc7+ Qd7 29. Qxb6 Rc8 30. Qa5 Rc3 31. Kh2 Qc7 32. Qa4 Qd7 33. b5 Bc2 34. Qh4 Qxb5 35. Qh6+ Kf7 36. Qh7+ Ke6 37. Qg8+ Ke7 38. f4 Qb3 39. Qh7+ Qf7 40. Qh4 e4 41. Qf2 Qd5 42. Bd4 Rc4 43. Bb2 g5 44. fxg5 Qxg5 45. Qb6 Qf4+ 46. Kh1 Bd3 47. Qxb7+ Ke6 48. Ba3 Qc7 49. Qb5 Qg3 50. Qe8+ Kf5 51. Rg1 Rc2 52. Qd7+ Kg6 53. Bf8 Qc7 54. Qg4+ Kf7 55. Bh6 Qc8 56. Qg7+ Ke6 57. Ra1 Qc7 58. Qg4+ Kd5 59. Bf4 Qc3 60. Qd7+ Kc4 61. Qc6+ Kb3 1-0

[Event "US Open-119"]
[Site "Middleton"]
[Date "2018.08.02"]
[Round "6"]
[White "Dean, Jim H"]
[Black "Liang, Awonder"]
[Result "0-1"]
[WhiteElo "2208"]
[BlackElo "2569"]
[PlyCount "62"]
[EventDate "2018.07.28"]
[EventType "swiss"]
[EventRounds "9"]
[EventCountry "USA"]
[SourceTitle "CBM 185 Extra"]
[Source "ChessBase"]
[SourceDate "2018.07.29"]
[SourceVersion "1"]
[SourceVersionDate "2018.07.29"]
[SourceQuality "1"]

1. d4 Nf6 2. c4 e6 3. Nc3 Bb4 4. e3 b6 5. a3 Bxc3+ 6. bxc3 Bb7 7. f3 Nc6 8. Bd3 Na5 9. e4 Ba6 10. Bg5 h6 11. Bh4 Bxc4 12. Ne2 Bxd3 13. Qxd3 d5 14. 0-0 Nc4 15. f4 g5 16. exd5 gxh4 17. dxe6 Qd5 18. f5 Nd6 19. exf7+ Kxf7 20. Nf4 Qxf5 21. Qd1 Kg8 22. Qb3+ Kh7 23. Ne6 Qg6 24. Nf4 Qg5 25. Rae1 Rhg8 26. Re5 Qg7 27. Qc2+ Kh8 28. Ne6 Qg6 29. Qxg6 Rxg6 30. Nxc7 Rag8 31. Rf2 Ng4 0-1

[Event "US Open-115"]
[Site "Orlando"]
[Date "2014.07.29"]
[Round "4"]
[White "Dean, Jim H"]
[Black "Nyzhnyk, Illya"]
[Result "0-1"]
[WhiteElo "2264"]
[BlackElo "2639"]
[PlyCount "94"]
[EventDate "2014.07.26"]
[EventType "swiss"]
[EventRounds "9"]
[EventCountry "USA"]
[SourceTitle "CBM 161 Extra"]
[Source "ChessBase"]
[SourceDate "2014.08.29"]
[SourceVersion "1"]
[SourceVersionDate "2014.08.29"]
[SourceQuality "1"]

1. d4 Nf6 2. c4 g6 3. Nc3 Bg7 4. Nf3 d6 5. Bg5 0-0 6. e3 c6 7. Be2 a6 8. 0-0 b5 9. Nd2 Qb6 10. Bf3 Bb7 11. Qe2 Nbd7 12. b4 e5 13. c5 Qc7 14. Bxf6 Nxf6 15. cxd6 Qxd6 16. dxe5 Qxe5 17. Rac1 Qe7 18. a3 a5 19. Nb3 axb4 20. axb4 Qxb4 21. Nd4 Rfc8 22. Ncxb5 Nd5 23. Rb1 Qe7 24. Bxd5 cxd5 25. Rfc1 Rc4 26. Qd2 Qc5 27. Nd6 Qxd6 28. Rxb7 Ra2 29. Qe1 Bxd4 30. exd4 Re2 31. Qf1 Rxc1 32. Qxc1 Qf6 33. Rb8+ Kg7 34. Qf1 Rd2 35. Rb4 Rxd4 36. Rxd4 Qxd4 37. g3 Qe4 38. Qa1+ d4 39. h4 h5 40. Qb2 Kf6 41. Qb6+ Kf5 42. Qb5+ Kg4 43. Kh2 d3 44. Qg5+ Kf3 45. Qd2 f5 46. Kh3 f4 47. gxf4 Qf5+ 0-1

[Event "US Open-112"]
[Site "Orlando"]
[Date "2011.08.07"]
[Round "9"]
[White "Dean, Jim H"]
[Black "Esserman, Marc"]
[Result "0-1"]
[WhiteElo "2272"]
[BlackElo "2453"]
[PlyCount "84"]
[EventDate "2011.07.30"]
[EventType "swiss"]
[EventRounds "9"]
[EventCountry "USA"]
[SourceTitle "CBM 143 Extra"]
[Source "ChessBase"]
[SourceDate "2011.08.29"]
[SourceVersion "1"]
[SourceVersionDate "2011.08.29"]
[SourceQuality "1"]

1. d4 f5 2. g3 Nf6 3. Bg2 g6 4. Nh3 e6 5. Nf4 d6 6. Nc3 Qe7 7. e4 c6 8. 0-0 fxe4 9. Nxe4 Nxe4 10. Bxe4 Bg7 11. a4 0-0 12. Ra3 Nd7 13. Bg2 e5 14. Re1 Qf7 15. Bh3 Nb6 16. Bxc8 Raxc8 17. dxe5 dxe5 18. Nd3 Rce8 19. Qg4 Nc4 20. Rb3 e4 21. Rxe4 Ne5 22. Rxe5 Rxe5 23. Bf4 Rd5 24. Be3 b6 25. Nf4 Rf5 26. h4 Rd8 27. Kh2 Qc4 28. Rd3 Rxd3 29. cxd3 Qxa4 30. d4 Qb5 31. d5 cxd5 32. h5 d4 33. Bxd4 Rxh5+ 34. Nxh5 Qxh5+ 35. Qxh5 gxh5 36. Bxg7 Kxg7 37. Kg2 Kg6 38. Kf3 Kf5 39. Ke3 h4 40. gxh4 h5 41. Kd4 a5 42. Kd5 a4 0-1

[Event "US Open-112"]
[Site "Orlando"]
[Date "2011.08.03"]
[Round "3"]
[White "Dean, Jim H"]
[Black "Rogers, Bradley K"]
[Result "1-0"]
[WhiteElo "2272"]
[BlackElo "2104"]
[PlyCount "79"]
[EventDate "2011.07.30"]
[EventType "swiss"]
[EventRounds "9"]
[EventCountry "USA"]
[SourceTitle "CBM 143 Extra"]
[Source "ChessBase"]
[SourceDate "2011.08.29"]
[SourceVersion "1"]
[SourceVersionDate "2011.08.29"]
[SourceQuality "1"]

1. d4 Nf6 2. c4 c5 3. d5 b5 4. Nd2 g6 5. e4 d6 6. b3 b4 7. Bb2 Bg7 8. Ngf3 0-0 9. Qc2 e6 10. dxe6 Bxe6 11. Be2 Nc6 12. 0-0 Qc7 13. Rfe1 Ne5 14. Nf1 Bh6 15. g3 Rad8 16. Nxe5 dxe5 17. f4 Rd4 18. Bxd4 cxd4 19. fxe5 Qxe5 20. Bf3 Rd8 21. Qb2 Qc5 22. Rad1 Ng4 23. Bxg4 Bxg4 24. Rd3 Rd7 25. Qg2 Qh5 26. h4 Qe5 27. Nh2 Be6 28. Nf3 Qc5 29. Ng5 Bxg5 30. hxg5 Qxg5 31. Qf2 h5 32. Qf4 Qd8 33. Red1 a5 34. R1d2 a4 35. Qe5 axb3 36. axb3 Qb6 37. Rxd4 Rxd4 38. Qxd4 Qc6 39. Ra2 Kh7 40. Ra7 1-0

[Event "US Open-111"]
[Site "Irvine"]
[Date "2010.08.02"]
[Round "3"]
[White "Huang, Vincent"]
[Black "Dean, Jim H"]
[Result "0-1"]
[WhiteElo "2063"]
[BlackElo "2247"]
[PlyCount "70"]
[EventDate "2010.07.31"]
[EventType "swiss"]
[EventRounds "9"]
[EventCountry "USA"]
[SourceTitle "CBM 137 Extra"]
[Source "ChessBase"]
[SourceDate "2010.09.01"]
[SourceVersion "1"]
[SourceVersionDate "2010.09.01"]
[SourceQuality "1"]

1. d4 d5 2. c4 e6 3. Nc3 Be7 4. Nf3 Nf6 5. Bg5 h6 6. Bh4 dxc4 7. e3 c5 8. Bxc4 cxd4 9. exd4 0-0 10. 0-0 Nc6 11. Qd2 Nh5 12. Bxe7 Nxe7 13. Ne5 Nf6 14. Rac1 Bd7 15. Rfd1 Bc6 16. Nxc6 bxc6 17. Na4 Rb8 18. Nc5 Ned5 19. Bb3 Qb6 20. Qe2 Rfd8 21. Qf3 Rbc8 22. h3 Rd6 23. Rc4 Ne7 24. a3 a5 25. Rc2 Rcd8 26. Rcd2 Nf5 27. Qc3 Nd5 28. Qf3 Nxd4 29. Rxd4 Qxc5 30. Rc4 Qb6 31. Rg4 f5 32. Rg6 Kh7 33. Qg3 Qb7 34. Kh2 Qf7 35. Bxd5 cxd5 0-1

[Event "US Open-110"]
[Site "Indianapolis"]
[Date "2009.08.05"]
[Round "5"]
[White "Michaelides, Michail"]
[Black "Dean, Jim H"]
[Result "0-1"]
[WhiteElo "1762"]
[BlackElo "2264"]
[PlyCount "64"]
[EventDate "2009.08.01"]
[EventType "swiss"]
[EventRounds "9"]
[EventCountry "USA"]
[SourceTitle "CBM 131 Extra"]
[Source "ChessBase"]
[SourceDate "2009.09.03"]
[SourceVersion "2"]
[SourceVersionDate "2009.09.16"]
[SourceQuality "1"]

1. d4 d5 2. c4 e6 3. Nc3 Be7 4. Nf3 Nf6 5. Bg5 h6 6. Bh4 dxc4 7. e4 Nxe4 8. Nxe4 Bxh4 9. Bxc4 0-0 10. 0-0 Nc6 11. Qd2 Bf6 12. Rad1 b6 13. Bb5 Na5 14. b4 a6 15. Bd3 Nb7 16. Bb1 Be7 17. Rfe1 a5 18. a3 axb4 19. axb4 Nd6 20. Qc2 f5 21. Ng3 Nb5 22. Nxf5 Rxf5 23. Ne5 Qd5 24. g4 Bb7 25. f3 Nxd4 26. gxf5 Nxc2 27. Rxd5 Bxd5 28. Bxc2 Bxb4 29. Rd1 Bc3 30. fxe6 Bxe6 31. Nc6 Ra1 32. Bb1 Kh8 0-1

[Event "US Open-109"]
[Site "Dallas"]
[Date "2008.08.05"]
[Round "4"]
[White "Dejmek, Mark W"]
[Black "Dean, Jim H"]
[Result "1-0"]
[WhiteElo "2136"]
[BlackElo "2243"]
[PlyCount "50"]
[EventDate "2008.08.02"]
[EventType "swiss"]
[EventRounds "9"]
[EventCountry "USA"]
[SourceTitle "CBM 125 Extra"]
[Source "ChessBase"]
[SourceDate "2008.09.01"]
[SourceVersion "1"]
[SourceVersionDate "2008.09.01"]
[SourceQuality "1"]

1. e4 c6 2. d4 d5 3. e5 c5 4. dxc5 e6 5. a3 a5 6. Nc3 Nc6 7. Nb5 Bxc5 8. Qg4 Nxe5 9. Qxg7 Ng6 10. Bd3 N8e7 11. Bg5 Rf8 12. Nf3 Qb6 13. 0-0 Bd7 14. b4 Bxf2+ 15. Rxf2 Bxb5 16. bxa5 Qxa5 17. Rb1 Bxd3 18. cxd3 Qxa3 19. Rfb2 f6 20. Rxb7 fxg5 21. Nxg5 Qc5+ 22. d4 Qc2 23. h3 Rc8 24. Nxh7 Qf2+ 25. Kh1 Rf7 1-0

[Event "Budapest FS07 IM"]
[Site "Budapest"]
[Date "2006.07.10"]
[Round "10"]
[White "Dean, Jim H"]
[Black "Kjartansson, Gudmundur"]
[Result "0-1"]
[WhiteElo "2232"]
[BlackElo "2291"]
[PlyCount "58"]
[EventDate "2006.07.01"]
[EventType "tourn"]
[EventRounds "11"]
[EventCountry "HUN"]
[EventCategory "2"]
[SourceTitle "CBM 113 Extra"]
[Source "ChessBase"]
[SourceDate "2006.09.14"]
[SourceVersion "1"]
[SourceVersionDate "2006.09.14"]
[SourceQuality "1"]

1. d4 Nf6 2. c4 e6 3. Nc3 Bb4 4. e3 c5 5. a3 Bxc3+ 6. bxc3 Nc6 7. Bd3 0-0 8. Ne2 b6 9. e4 Ne8 10. Be3 Ba6 11. Ng3 Na5 12. Qe2 Rc8 13. Rc1 Nd6 14. e5 cxd4 15. Bxd4 Nf5 16. Qg4 Nxd4 17. Nh5 Nf5 18. Bxf5 g6 19. Nf6+ Kg7 20. Be4 Nxc4 21. f4 d5 22. Bd3 d4 23. 0-0 dxc3 24. Rf3 Rh8 25. Qh4 Qd4+ 26. Kh1 Nxe5 27. Nh5+ gxh5 28. Qg5+ Ng6 29. Bxa6 Qd2 0-1

[Event "Budapest FS07 IM"]
[Site "Budapest"]
[Date "2006.07.09"]
[Round "9"]
[White "Dean, Jim H"]
[Black "Pirisi, Gabor"]
[Result "1/2-1/2"]
[WhiteElo "2232"]
[BlackElo "2271"]
[PlyCount "53"]
[EventDate "2006.07.01"]
[EventType "tourn"]
[EventRounds "11"]
[EventCountry "HUN"]
[EventCategory "2"]
[SourceTitle "CBM 113 Extra"]
[Source "ChessBase"]
[SourceDate "2006.09.14"]
[SourceVersion "1"]
[SourceVersionDate "2006.09.14"]
[SourceQuality "1"]

1. d4 Nf6 2. c4 g6 3. Nc3 Bg7 4. Nf3 0-0 5. Bg5 c5 6. d5 h6 7. Bh4 d6 8. e3 e5 9. Nd2 Qe8 10. Be2 Nh7 11. 0-0 f5 12. f4 g5 13. Bg3 Qe7 14. Kh1 Bd7 15. Nf3 e4 16. Ng1 Na6 17. Qd2 Rab8 18. Rab1 Nc7 19. a4 Na6 20. b3 Nb4 21. Na2 gxf4 22. Bxf4 Nxa2 23. Qxa2 a5 24. Bd1 Rf6 25. Qf2 Ng5 26. Qh4 Nf7 27. Bh5 1/2-1/2

[Event "Budapest FS07 IM"]
[Site "Budapest"]
[Date "2006.07.06"]
[Round "6"]
[White "Adams, Philip"]
[Black "Dean, Jim H"]
[Result "1/2-1/2"]
[WhiteElo "2184"]
[BlackElo "2232"]
[PlyCount "29"]
[EventDate "2006.07.01"]
[EventType "tourn"]
[EventRounds "11"]
[EventCountry "HUN"]
[EventCategory "2"]
[SourceTitle "CBM 113 Extra"]
[Source "ChessBase"]
[SourceDate "2006.09.14"]
[SourceVersion "1"]
[SourceVersionDate "2006.09.14"]
[SourceQuality "1"]

1. d4 Nf6 2. c4 c5 3. d5 e6 4. Nc3 exd5 5. cxd5 d6 6. e4 g6 7. f4 Bg7 8. Bb5+ Nbd7 9. e5 dxe5 10. fxe5 Nh5 11. e6 Qh4+ 12. g3 Nxg3 13. hxg3 Qxh1 14. Be3 0-0 15. exd7 1/2-1/2

[Event "Budapest FS07 IM"]
[Site "Budapest"]
[Date "2006.07.05"]
[Round "5"]
[White "Dean, Jim H"]
[Black "Galyas, Miklos"]
[Result "1/2-1/2"]
[WhiteElo "2232"]
[BlackElo "2390"]
[PlyCount "39"]
[EventDate "2006.07.01"]
[EventType "tourn"]
[EventRounds "11"]
[EventCountry "HUN"]
[EventCategory "2"]
[SourceTitle "CBM 113 Extra"]
[Source "ChessBase"]
[SourceDate "2006.09.14"]
[SourceVersion "1"]
[SourceVersionDate "2006.09.14"]
[SourceQuality "1"]

1. d4 Nf6 2. c4 g6 3. Nc3 Bg7 4. Nf3 d6 5. Bg5 0-0 6. e3 c5 7. d5 a6 8. a4 h6 9. Bh4 Bf5 10. Nd2 g5 11. Bg3 Bg6 12. Be2 Nbd7 13. 0-0 Nh7 14. Bh5 Bxh5 15. Qxh5 f5 16. f4 Qe8 17. Qe2 Qg6 18. Qd3 Kh8 19. Rae1 Rf7 20. Re2 1/2-1/2

[Event "Chicago op 12th"]
[Site "Chicago"]
[Date "2003.05.23"]
[Round "1"]
[White "Bluvshtein, Mark"]
[Black "Dean, Jim H"]
[Result "1-0"]
[WhiteElo "2451"]
[BlackElo "2223"]
[PlyCount "65"]
[EventDate "2003.05.23"]
[EventType "swiss"]
[EventRounds "7"]
[EventCountry "USA"]
[SourceTitle "CBM 094 Extra"]
[Source "ChessBase"]
[SourceDate "2003.07.09"]
[SourceVersion "2"]
[SourceVersionDate "2003.07.09"]
[SourceQuality "1"]

1. e4 c6 2. d4 d5 3. exd5 cxd5 4. c4 Nf6 5. Nc3 g6 6. cxd5 Nxd5 7. Nf3 Bg7 8. Bc4 Nxc3 9. bxc3 0-0 10. 0-0 Nc6 11. Re1 Bg4 12. Rb1 Qc7 13. Bd3 Rad8 14. h3 Bc8 15. Qb3 e6 16. Bg5 Rde8 17. Bh4 Qa5 18. Be4 Ne7 19. Bg3 Rd8 20. Bh4 Rd7 21. Ne5 Rc7 22. Nc4 Qh5 23. Bg3 Rd7 24. Ne5 Rdd8 25. Bf3 Qh6 26. Bxb7 Nf5 27. Ng4 Qg5 28. Bxc8 Rxc8 29. Be5 h5 30. Ne3 Nh4 31. Bg3 Rc6 32. Qb4 Rfc8 33. d5 1-0

[Event "World op 29th"]
[Site "Philadelphia"]
[Date "2001.07.04"]
[Round "1"]
[White "Zaichik, Gennadi"]
[Black "Dean, Jim H"]
[Result "1-0"]
[WhiteElo "2504"]
[BlackElo "2250"]
[PlyCount "47"]
[EventDate "2001.06.30"]
[EventType "swiss"]
[EventRounds "9"]
[EventCountry "USA"]
[SourceTitle "EXT 2002"]
[Source "ChessBase"]
[SourceDate "2001.11.25"]
[SourceVersion "1"]
[SourceVersionDate "2001.11.25"]
[SourceQuality "1"]

1. e4 c5 2. Nf3 Nc6 3. d4 cxd4 4. Nxd4 Nf6 5. Nc3 d6 6. Bg5 e6 7. Qd2 a6 8. 0-0-0 Bd7 9. f4 b5 10. Nxc6 Bxc6 11. Qe1 Qc7 12. Bxf6 gxf6 13. Nd5 Bxd5 14. exd5 e5 15. Bd3 h5 16. Kb1 Bh6 17. Rf1 Qe7 18. Qc3 Ra7 19. Bf5 Kf8 20. fxe5 fxe5 21. Bg6 f6 22. Bxh5 Bf4 23. Qc8+ Kg7 24. Qg4+ 1-0